[Event "BL 2017-18"]
[Site "Germany"]
[Date "2018.03.11"]
[Round "12"]
[White "Hoffmeyer, Falk"]
[Black "Paehtz, Elisabeth"]
[Result "1/2-1/2"]
[WhiteElo "2345"]
[BlackElo "2468"]
[Annotator "TA"]
[PlyCount "105"]
[EventDate "2018.05.24"]
[EventType "team-tourn"]
[EventCountry "GER"]
[SourceTitle "playchess.com"]
[Source "ChessBase"]
[SourceQuality "1"]
[WhiteTeam "Zugzwang Muenchen"]
[BlackTeam "Dresden"]

{[%evp 14,105,19,18,43,30,37,0,0,0,0,-1,16,3,22,20,41,29,81,75,82,83,86,82,77,88,173,173,171,168,172,164,209,210,212,212,191,194,198,210,196,162,230,187,187,175,187,168,318,139,300,188,300,291,387,378,358,0,351,299,306,259,939,250,250,235,226,170,166,160,135,12,11,19,26,0,0,0,0,0,0,0,0,0,8,8,57,8,8,8,8,8,16,23]} 1. d4 d6 2. c4 g6 3. Nc3 Bg7 4. Nf3 Nf6 5. e3 O-O 6. Be2 Nc6 7. d5 {E61: King's Indian: Early deviations for White, including Smyslov System} (7. O-O e5 8. d5 Ne7 9. b4 a5 10. bxa5 Rxa5 11. Nd2 Nd7 12. Nb3 Ra8 13. a4 f5 14. Ba3 e4 15. Qc2 b6 {1-0 (23) Kuzubov,Y (2638)-Onischuk,V (2614) Lvov 2016}) 7... Nb8 8. O-O {LiveBook: 7 Games} Na6 9. Nd4 {White is slightly better.} e5 $146 ({Predecessor:} 9... Bd7 10. Bf3 Rb8 11. Rb1 e5 12. dxe6 fxe6 13. b4 Qe7 14. Ndb5 {1-0 (79) Galliamova,A (2478)-Guramishvili,S (2370) Chakvi 2015}) 10. dxe6 fxe6 11. Rb1 e5 12. Nc2 Be6 13. b4 Nb8 14. e4 Nc6 15. Be3 Nh5 (15... Qd7 $11) 16. Bxh5 $16 gxh5 17. Nd5 h4 18. h3 Kh8 19. Qh5 a5 (19... Bf6 $16 {was necessary.}) 20. Bg5 $18 Qd7 21. b5 (21. Bxh4 axb4 22. Ncxb4 Nd4 $11) 21... Bxd5 22. cxd5 Nb4 23. Nxb4 axb4 24. Rxb4 Bf6 25. Qxh4 Bxg5 26. Qxg5 Rxa2 27. Rb3 Rf4 (27... b6 $142 28. Rc3 Rf7) 28. Rg3 {[%csl Gg3][%cal Rg5g8]} Ra8 29. Rg4 Raf8 30. Rxf4 $40 {[%mdl 128] White goes for the king.} exf4 {[%mdl 4096] Endgame KQR-KQR} (30... Rxf4 {is a better defense.} 31. Rb1 b6) 31. Qh6 (31. Rc1 $18 {has better winning chances.}) 31... Qe7 $2 (31... Qg7 $16 32. Qh5 Qc3) 32. f3 Kg8 (32... Qg7 $142 33. Qh4 (33. Qxg7+ Kxg7 34. Rc1 Rf7 $16) 33... Qb2) 33. Rc1 Qd7 34. Qg5+ Kh8 35. Qh6 {[%cal Rh6f8]} Kg8 $1 36. Kh1 Qe7 37. Kh2 Rf7 $2 {[#]} (37... b6 38. Qe6+ Rf7) 38. Ra1 $2 (38. b6 $1 {[%mdl 512]} cxb6 39. e5 $1 {[%mdl 512]}) 38... Qd8 39. Qe6 Kg7 40. e5 dxe5 41. Qxe5+ Qf6 {[#]} 42. Re1 (42. Qe1 $1 $16) 42... Qxe5 $11 43. Rxe5 {KR-KR} Kf6 $1 {[%cal Rf6e5]} 44. Re4 Kf5 45. g4+ fxg3+ $1 46. Kxg3 Rg7+ 47. Kf2 Rd7 48. Rh4 Rxd5 49. Rxh7 {Threatens to win with Rh5+.} Kf6 50. Rxc7 (50. b6 $5 cxb6 51. Rh6+ (51. Rxb7 Rb5 $16) 51... Ke5 52. Rxb6 $16) 50... Rxb5 {The position is equal.} 51. Kg3 Rg5+ 52. Kf4 {Black must now prevent Rf7+.} Rf5+ 53. Kg4 {Precision: White = 50%, Black = 39%.} 1/2-1/2

[Event "BL 2017-18"]
[Site "Germany"]
[Date "2018.03.11"]
[Round "12"]
[White "Gerigk, Erasmus"]
[Black "Moehn, Hans"]
[Result "0-1"]
[WhiteElo "2344"]
[BlackElo "2355"]
[Annotator "NA"]
[PlyCount "56"]
[EventDate "2018.05.24"]
[EventType "team-tourn"]
[EventCountry "GER"]
[SourceTitle "playchess.com"]
[Source "ChessBase"]
[SourceQuality "1"]
[WhiteTeam "Zugzwang Muenchen"]
[BlackTeam "Dresden"]
[TimeControl "40/6000+30:3000+30"]

1. e4 {[%emt 0:00:02]} c6 {[%emt 0:00:04]} 2. c4 {[%emt 0:00:11]} d5 {[%emt 0:00:05]} 3. cxd5 {[%emt 0:00:09]} cxd5 {[%emt 0:00:07]} 4. exd5 {[%emt 0:00:05]} Nf6 {[%emt 0:00:05]} 5. Nc3 {[%emt 0:00:20]} Nxd5 {[%emt 0:00:06] LiveBook: 1935 Games} 6. d4 {[%emt 0:00:47]} Nxc3 {[%emt 0:02:33]} 7. bxc3 {[%emt 0:00:17]} g6 {[%emt 0:00:17]} 8. Nf3 {[%emt 0:07:13]} Bg7 {[%emt 0:00:48]} 9. Be2 {[%emt 0:00:44]} O-O {[%emt 0:00:22]} 10. O-O {[%emt 0:00:32]} Qc7 {[%emt 0:06:11] A34: Symmetrical English: 2 Nc3, lines with ...d5} 11. Qb3 {[%emt 0:08:51]} Nc6 {[%emt 0:01:26]} 12. Bg5 {[%emt 0:03:00]} (12. Be3 Na5 13. Qb2 {½-½ (13) Fang,Y (2448)-Pikula,D (2456) Novi Sad 2016}) 12... Rd8 {[%emt 0:05:36]} 13. Rab1 $146 {[%emt 0:13:08]} ({Predecessor:} 13. Rfd1 Be6 14. Qa3 Rac8 15. Rac1 h6 16. Bd2 Na5 17. Re1 Bf8 18. Ne5 Bc4 19. Nxc4 Nxc4 20. Bxc4 Qxc4 21. Qxa7 {½-½ (60) Lugovskoy,M (2328)-Yarullina,A (2077) Sochi 2012}) 13... b6 {[%emt 0:08:52]} 14. Bh4 {[%emt 0:11:40]} Bb7 {[%emt 0:08:37]} 15. Rfe1 {[%emt 0:08:40]} Rd7 {[%emt 0:08:40]} 16. Bg3 {[%emt 0:14:28]} Qd8 {[%emt 0:01:14]} 17. h4 $15 {[%emt 0:09:57]} Rc8 {[%emt 0:08:49]} 18. Ng5 {[%emt 0:02:20]} e6 {[%emt 0:05:58]} 19. Bb5 {[%emt 0:02:57]} Bf6 {[%emt 0:15:45]} 20. Bf4 {[%emt 0:06:59]} Rd5 {[%emt 0:10:28]} 21. Bf1 {[%emt 0:05:18]} Na5 {[%emt 0:03:25]} 22. Qa3 {[%emt 0:01:22]} Rf5 {[%emt 0:01:45]} 23. Be3 {[%emt 0:07:52]} Be7 {[%emt 0:05:07]} 24. Qc1 {[%emt 0:00:35]} Nc4 {[%emt 0:00:19]} 25. Bd3 {[%emt 0:01:10]} Nxe3 {[%emt 0:00:58]} 26. fxe3 {[%emt 0:01:17]} Bxg5 {[%emt 0:00:56]} 27. Bxf5 {[%emt 0:01:28]} Bxh4 {[%emt 0:00:05]} 28. Bd3 {[%emt 0:00:44]} Bg3 {[%emt 0:00:51]} 0-1

[Event "BL 2017-18"]
[Site "Germany"]
[Date "2018.03.11"]
[Round "12"]
[White "Rafiee, Makan"]
[Black "Abel, Dennes"]
[Result "1/2-1/2"]
[WhiteElo "2339"]
[BlackElo "2473"]
[Annotator "TA"]
[PlyCount "54"]
[EventDate "2018.05.24"]
[EventType "team-tourn"]
[EventCountry "GER"]
[SourceTitle "playchess.com"]
[Source "ChessBase"]
[SourceQuality "1"]
[WhiteTeam "Bayern Muenchen"]
[BlackTeam "SFR Berlin"]

{[%evp 24,54,37,14,23,19,69,28,39,26,114,0,0,0,0,0,0,0,0,0,0,0,0,0,0,0,0,0,0,0,0,0,0]} 1. e4 c5 2. Nf3 Nc6 3. d4 cxd4 4. Nxd4 Nf6 5. Nc3 d6 6. Bc4 e6 7. Be3 Be7 8. Qe2 Nxd4 9. Bxd4 a6 10. O-O-O b5 11. Bb3 Bb7 12. a3 O-O 13. g4 {LiveBook: 3 Games. B89: Sicilian: Velimirovic Attack} Qa5 $146 ({Predecessor:} 13... Nd7 14. h4 Qc7 15. g5 Nc5 16. Ba2 Bc6 17. g6 fxg6 18. h5 Bg5+ 19. Kb1 Rae8 20. Qg4 Qe7 21. hxg6 {0-1 (41) Bernadskiy,V (2556)-Alekseenko,K (2499) Yerevan 2015}) 14. g5 Nd7 15. g6 {White is slightly better.} (15. h4 $5 {[%cal Rg5g6]}) 15... hxg6 {Strongly threatening ...Nc5.} 16. h4 {Threatens to win with h5.} b4 {[#]} (16... Bf6 $11 {keeps the balance.}) 17. axb4 ({White has to play} 17. h5 $1 $16) 17... Qh5 $1 $11 {[%cal Rh5e2] The position is equal.} ({Don't play} 17... Qxb4 $6 18. h5 $16) 18. Qxh5 gxh5 19. Rhg1 g6 20. f4 Kh7 21. f5 Bxh4 22. fxe6 fxe6 23. Bxe6 Rad8 24. Bf5 Rg8 $1 (24... gxf5 $2 25. Rg7+ Kh6 26. Rdg1 $18) 25. Be6 Rgf8 26. Bf5 Rg8 $1 ({Wrong is} 26... gxf5 $2 27. Rg7+ Kh6 28. Rdg1 $18) 27. Be6 Rgf8 {Precision: White = 63%, Black = 66%.} 1/2-1/2

[Event "BL 2017-18"]
[Site "Germany"]
[Date "2018.03.11"]
[Round "12"]
[White "Zpevak, Pavel"]
[Black "Bohnsack, Ralf"]
[Result "1/2-1/2"]
[WhiteElo "2337"]
[BlackElo "2149"]
[Annotator "NA"]
[PlyCount "48"]
[EventDate "2018.05.24"]
[EventType "team-tourn"]
[EventCountry "GER"]
[SourceTitle "playchess.com"]
[Source "ChessBase"]
[SourceQuality "1"]
[WhiteTeam "Schwaebisch Hall"]
[BlackTeam "Norderstedt"]
[TimeControl "40/6000+30:3000+30"]

1. Nf3 c5 2. g3 Nc6 3. Bg2 g6 4. c4 Bg7 5. Nc3 Nf6 6. O-O O-O 7. d3 d6 8. a3 Bd7 9. Rb1 a5 10. Bd2 Ne8 11. Ne1 Nc7 12. Nc2 Rb8 13. b4 axb4 14. axb4 Nxb4 15. Nxb4 cxb4 16. Rxb4 b5 17. cxb5 {A38: Symmetrical English vs ...g6: 4 Bg2 Bg7 5 Nf3 Nf6} Nxb5 18. Nxb5 Rxb5 19. Rxb5 Bxb5 20. Qb3 Qd7 (20... Bd7 21. Qb7 Qc8 22. Qa7 Rd8 23. Bg5 Bf6 24. Bxf6 exf6 {1-0 (89) Kovalenko,I (2684)-Borisek,J (2565) chess.com INT 2017}) 21. Bg5 $146 ({Predecessor:} 21. Rc1 Ba4 22. Qb4 Qb5 23. Qxb5 Bxb5 24. Bg5 Re8 25. Rb1 Ba4 26. Rb4 Bd7 27. Rb7 Bg4 28. Rxe7 {½-½ (28) Berescu,A (2461)-Parligras,M (2565) Albena 2013}) 21... h6 22. Be3 Rc8 23. Rc1 $11 Rxc1+ 24. Bxc1 Bc6 1/2-1/2

[Event "BL 2017-18"]
[Site "Germany"]
[Date "2018.03.11"]
[Round "12"]
[White "Kahlert, Thomas"]
[Black "Raykhman, Alexander"]
[Result "1-0"]
[WhiteElo "2191"]
[BlackElo "2400"]
[Annotator "TA"]
[PlyCount "107"]
[EventDate "2018.05.24"]
[EventType "team-tourn"]
[EventCountry "GER"]
[SourceTitle "playchess.com"]
[Source "ChessBase"]
[SourceQuality "1"]
[WhiteTeam "Norderstedt"]
[BlackTeam "Schwaebisch Hall"]

{[%evp 25,107,28,24,0,18,0,0,0,0,0,21,0,21,8,24,0,0,0,58,0,0,0,7,-3,8,0,8,0,93,35,131,0,27,23,248,246,240,243,253,247,218,231,615,159,195,48,1220,1070,5043,4995,29990,29991,29991,29983,29984,29985,29985,29986,29986,8,8,8,8,0,0,0,0,0,8,8,8,0,0,0,0,0,0,0,36,14,97,97,29995,29992]} 1. c4 g6 2. Nc3 Bg7 3. Nf3 d6 4. d4 Nf6 5. e4 O-O 6. Be2 e5 7. O-O Nc6 8. d5 Ne7 9. Ne1 Nd7 10. Nd3 f5 11. exf5 gxf5 12. f4 Ng6 13. Be3 Nf6 {LiveBook: 6 Games. E98: King's Indian: Classical Main Line: 9 Ne1} (13... Qe7 14. Qd2 Re8 15. Rae1 Nf6 16. Bd1 Kh8 17. fxe5 dxe5 18. Bd4 e4 19. Nf4 Ne5 20. b3 c5 21. dxc6 bxc6 {0-1 (38) Hort,V (2431)-Renet,O (2534) Switzerland 2014}) 14. Qb3 Ne4 $146 ({Predecessor:} 14... exf4 15. Nxf4 Qe7 16. Rf3 Nxf4 17. Bxf4 Nd7 18. Rg3 Kh8 19. Rf1 Nc5 20. Qd1 Bd7 21. Qd2 {½-½ (29) Haygarth,M-Hindle,O Sunderland/ Tyne and Wear 1966}) 15. fxe5 {Black must now prevent e6.} Nxc3 {The position is equal.} 16. bxc3 {aiming for e6.} dxe5 17. Rae1 Kh8 18. Kh1 b6 19. c5 f4 20. Bc1 Bf5 21. c4 Nh4 (21... Qg5 $11) 22. Rf2 ({White should play} 22. Bd1 $14) 22... Qg5 $11 23. Bf1 Rae8 24. cxb6 axb6 25. c5 $1 Qg6 26. Bb2 $36 {[%cal Rd3e5][%mdl 2048] White is pushing.} Be4 (26... Bxd3 $1 $11 {remains equal.} 27. Qxd3 (27. Bxd3 e4 $11) 27... bxc5) 27. Qc4 (27. cxb6 $16 cxb6 28. Qc4 Bxd3 29. Bxd3) 27... Nf5 (27... Bxd3 $1 $14 28. Bxd3 e4 29. Bxe4 (29. Rxe4 Bxb2 30. Rxb2 Qg7 $14) 29... Bxb2 30. Rxb2 f3 31. gxf3 Rxf3 32. Qd4+ Qf6 33. Qxf6+ Rxf6) 28. cxb6 ({Don't blunder} 28. Qxe4 $2 Ng3+ $1 {[%mdl 512]} 29. Kg1 Nxe4 $19) ({White must play} 28. Rxe4 $16 Ng3+ 29. hxg3 Qh6+ 30. Kg1 fxg3 31. Rh4 (31. Rxf8+ Rxf8 32. Rh4 Qe3+ 33. Nf2 Qxf2+ 34. Kh1 Qxf1+ 35. Qxf1 Rxf1#) 31... gxf2+ 32. Kh2 (32. Nxf2 Qf6 $15)) 28... Nd6 29. Qxc7 {Hoping for b7.} Bxd3 $2 (29... f3 $1 $11 30. g4 Bxd3 31. Bxd3 e4 32. Bxg7+ Qxg7 33. Qxd6 exd3) 30. Bxd3 $18 Qxd3 31. Qxd6 Rd8 32. Qb4 Qxd5 33. h3 Qxa2 $2 (33... f3 34. Kh2 Ra8 35. gxf3 Rxf3) 34. Rfe2 $2 (34. Rxe5 $18 {and the rest is easy.} Qb1+ 35. Re1) 34... f3 $16 35. gxf3 (35. Rxe5 $18 {Threatens to win with gxf3!} fxg2+ 36. Kxg2) 35... Rxf3 $2 {[%mdl 8192]} (35... Qe6 $14 36. Qe4 Qxh3+ 37. Kg1 (37. Rh2 Qxf3+ 38. Qxf3 Rxf3 $11) 37... Qxf3) 36. Bxe5 $18 Qd5 37. Bxg7+ Kxg7 38. Rg2+ Rg3 39. Qe7+ Kg8 {[#]} 40. Qxd8+ $1 {[%mdl 512]} Qxd8 41. Rxg3+ {[%mdl 4096] Endgame KQ-KRR} Kh8 42. Reg1 $2 (42. Rg2 {mates} Qb8 {[#]} 43. b7 $1 {[%mdl 512]} h5 44. Rb1 h4 45. Ra2 Kg7 46. Ra8 Qd6 47. Rg1+ Kf7 48. Rf1+ Ke6 49. b8=Q Qd5+ 50. Kg1 Qg5+ 51. Kf2 Qf5+ 52. Ke3 Qc5+ 53. Kd3 Qd5+ 54. Kc3 Qc5+ 55. Kb2 Qd4+ 56. Ka2 Qd2+ 57. Qb2) 42... Qd5+ $1 $11 43. R1g2 {Threatening mate with b7!} h5 $1 44. Rg5 Qd1+ 45. Kh2 {White threatens Rg6 and mate.} Qd6+ 46. Kg1 Qxb6+ 47. Rf2 Qb1+ 48. Kh2 Qd1 49. Rff5 Qd2+ 50. Kg3 Qe1+ 51. Kf4 h4 52. Kg4 Qg3+ (52... Qe6 $11) 53. Kh5 $16 Qxh3 $2 {[%mdl 8192]} (53... Qd6 $16 54. Rf2 (54. Kxh4 Qb4+ 55. Kg3 Qc3+ 56. Kg2 Qd2+ 57. Kh1 Qc2 $16) 54... Qh6+ 55. Kg4 Qd6) 54. Rf6 {Precision: White = 46%, Black = 34%.} 1-0

[Event "BL 2017-18"]
[Site "Germany"]
[Date "2018.04.29"]
[Round "13"]
[White "Vachier-Lagrave, Maxime"]
[Black "Howell, David W L"]
[Result "1-0"]
[WhiteElo "2789"]
[BlackElo "2699"]
[Annotator "TA"]
[PlyCount "151"]
[EventDate "2018.05.24"]
[EventType "team-tourn"]
[EventCountry "GER"]
[SourceTitle "playchess.com"]
[Source "ChessBase"]
[SourceQuality "1"]
[WhiteTeam "Baden-Baden"]
[BlackTeam "Hockenheim"]

{[%evp 21,151,21,34,0,23,18,30,16,25,0,0,0,10,0,39,0,0,0,0,0,18,0,14,7,19,0,9,6,18,6,15,12,7,7,12,0,0,0,18,18,16,18,12,11,14,14,11,12,12,8,8,8,8,12,4,0,0,0,25,15,15,14,31,18,22,23,27,30,17,28,30,8,40,40,756,679,1162,10,10,10,10,10,10,8,8,8,5089,1995,2016,2009,2009,1995,1969,1955,1955,1869,1779,1747,1676,1593,664,592,29986,29987,29987,29988,29988,29982,29982,29981,29981,29982,29972,29980,29985,29986,29986,29984,29987,29988,29991,29991,29991,29992,29992,29988,29990,29989,29989,29989,29989,29990]} 1. e4 e5 2. Nf3 Nc6 3. Bb5 Nf6 4. O-O Nxe4 5. d4 Nd6 6. Bxc6 dxc6 7. dxe5 Nf5 8. Qxd8+ Kxd8 9. h3 Ne7 10. Rd1+ Ke8 11. Nc3 Ng6 12. Nd4 {C67: Ruy Lopez: Berlin Defence: 4 0-0 Nxe4} (12. b3 {feels hotter.} Be7 13. Bb2 h5 14. Ne2 a6 15. Rd2) 12... Bd7 13. f4 Rd8 14. Be3 {White has an edge.} h5 15. Rd2 Be7 16. Rad1 {[#]} (16. Re1 Bc8 17. Ne4 a6 18. Red1 Nh4 19. Bf2 Ng6 20. Be3 Nh4 21. Bf2 Ng6 {½-½ (21) Vachier Lagrave,M (2796)-Jakovenko,D (2709) Sharjah 2017}) 16... a6 $146 ({Predecessor:} 16... Bc8 17. Ne4 a6 18. Kf2 Nh4 19. Ng3 f6 20. exf6 gxf6 21. f5 Kf7 22. Bf4 Bc5 23. Bxc7 Rxd4 24. Rxd4 Nxf5 {½-½ (24) Fressinet,L (2455)-Sokolov,I (2620) Hastings 1999}) 17. Ne4 Nh4 18. Bf2 Ng6 19. Bg3 h4 20. Bh2 c5 21. Nf3 Nf8 22. Kf2 Rh5 23. Nc3 Bf5 24. Nd5 {[%cal Rd5c7]} Ne6 25. c4 (25. b3 {looks sharper.} f6 26. c3 Kf7 27. Nxe7 Rxd2+ 28. Rxd2 Kxe7 29. Rd5) 25... b5 26. Nxe7 Rxd2+ 27. Rxd2 Kxe7 28. cxb5 axb5 29. Ke3 g5 30. Nxg5 Nxg5 31. fxg5 Rxg5 $11 {[%mdl 4096] Endgame KRB-KRB} 32. Kf4 Rh5 $1 33. Rd5 c6 34. Rxc5 Kd7 35. b3 Be6 36. Rc2 Rf5+ 37. Ke3 Rg5 38. Bf4 Rg6 39. Kf2 f6 40. exf6 Rxf6 41. Rd2+ Ke7 42. g3 Bxh3 43. gxh4 {Strongly threatening Kg3.} Rxf4+ {KRB-KR} 44. Kg3 Rf1 {And now ...Be6 would win.} 45. Kxh3 {KR-KR} c5 $1 46. Rc2 Kd6 47. h5 {Black must now prevent Rh2.} Kd5 $2 {[%mdl 8192]} (47... Rh1+ $14 48. Rh2 Rxh2+ 49. Kxh2 c4) 48. Rh2 $1 $18 c4 {[#]} 49. h6 $2 (49. bxc4+ $1 $18 bxc4 50. h6) 49... c3 $1 $11 50. h7 Rf8 51. Kg4 Rh8 52. Kf5 Kd4 53. Kg6 Kd3 $2 {[%mdl 8192]} (53... b4 $11) 54. a4 (54. Kg7 $142 Rxh7+ 55. Rxh7 (55. Kxh7 b4 $11)) 54... bxa4 55. bxa4 c2 {[#]} 56. Rxc2 $1 {[%mdl 512]} Kxc2 $18 {KR-KPP} 57. Kg7 Ra8 58. h8=Q Rxa4 {KQ-KR} 59. Kf6 Re4 60. Kf5 Kd3 61. Qh1 Re8 62. Qd5+ {White mates.} Ke3 63. Qc5+ Kd2 64. Kf4 Re1 65. Qb4+ Ke2 66. Qc3 Rf1+ 67. Ke4 Kf2 68. Qf3+ Kg1 69. Qg3+ Kh1 70. Ke3 {[%cal Rg3h4]} Rf8 71. Qg7 Rf1 72. Ke2 Rg1 73. Qh8+ Kg2 74. Qh4 Ra1 75. Qg5+ Kh3 76. Qh6+ {Precision: White = 54%, Black = 50%.} 1-0

[Event "BL 2017-18"]
[Site "Germany"]
[Date "2018.04.29"]
[Round "13"]
[White "Harikrishna, P.."]
[Black "Inarkiev, Ernesto"]
[Result "1/2-1/2"]
[WhiteElo "2727"]
[BlackElo "2680"]
[Annotator "TA"]
[PlyCount "93"]
[EventDate "2018.05.24"]
[EventType "team-tourn"]
[EventCountry "GER"]
[SourceTitle "playchess.com"]
[Source "ChessBase"]
[SourceQuality "1"]
[WhiteTeam "Solingen"]
[BlackTeam "Schwaebisch Hall"]

{[%evp 19,93,8,26,13,12,17,35,27,28,23,23,22,29,18,45,14,19,0,0,0,0,0,0,0,0,0,0,0,0,0,0,0,0,0,0,0,0,0,0,0,0,0,0,0,0,0,0,0,0,0,0,0,0,0,0,0,0,0,0,0,0,0,0,0,0,0,0,0,0,0,0,0,0,0,0,0]} 1. e4 e5 2. Nf3 Nc6 3. Bc4 Bc5 4. c3 Nf6 5. d3 O-O 6. Bg5 h6 {C54: Giuoco Piano: 4 c3 Nf6, main lines with 5 d4 and 5 d3} 7. Bh4 Be7 8. Nbd2 d6 9. a4 Nh5 10. Bg3 g6 {LiveBook: 3 Games} 11. h3 $146 ({Predecessor:} 11. d4 Bf6 12. d5 Ne7 13. Qc2 c6 14. dxc6 bxc6 {0-1 (53) Sethuraman,S (2618)-Giri,A (2772) Tbilisi 2017}) 11... Nxg3 12. fxg3 Kg7 13. O-O f5 14. Qe2 Bf6 15. Rf2 Qe7 16. Raf1 Be6 17. Nh2 Bg5 {The position is equal.} 18. h4 Bxd2 $1 19. Qxd2 Bxc4 20. dxc4 {[%cal Re4f5]} Qe6 {[#]} 21. h5 $1 {[%mdl 512]} Ne7 ({Much weaker is} 21... fxe4 $6 22. Rxf8 Rxf8 23. Rxf8 $16) ({Don't play} 21... gxh5 $6 22. exf5 Qf6 23. Qe2 $16) (21... gxh5 22. exf5) 22. Qd3 c6 ({Reject} 22... gxh5 $6 23. exf5 Qf6 24. g4 $16) 23. exf5 Rxf5 24. Rxf5 gxf5 25. g4 {[%cal Rg4f5]} Rf8 26. gxf5 Rxf5 27. Rxf5 Nxf5 28. Qe4 d5 29. cxd5 cxd5 {[#] ( -> ...Qb6+)} 30. Qb4 b6 31. Qg4+ Kf7 32. Nf1 Ke7 33. Kf2 Qf6 34. Kg1 Qe6 35. Kf2 Qf6 36. Kg1 a5 37. Qg8 Qe6 38. Qg4 Kd6 39. Kf2 Qf6 40. Ke2 Qe6 41. Kf2 Qf7 42. Qf3 Ke6 43. Kg1 Qf6 44. Qf2 Ke7 45. Qf3 Ke6 46. Qf2 Ke7 47. Qf3 {Precision: White = 89%, Black = 76%.} 1/2-1/2

[Event "BL 2017-18"]
[Site "Germany"]
[Date "2018.04.29"]
[Round "13"]
[White "Tomashevsky, Evgeny"]
[Black "Aronian, Levon"]
[Result "1/2-1/2"]
[WhiteElo "2714"]
[BlackElo "2767"]
[Annotator "TA"]
[PlyCount "61"]
[EventDate "2018.05.24"]
[EventType "team-tourn"]
[EventCountry "GER"]
[SourceTitle "playchess.com"]
[Source "ChessBase"]
[SourceQuality "1"]
[WhiteTeam "Hockenheim"]
[BlackTeam "Baden-Baden"]

{[%evp 16,61,4,0,0,0,0,0,0,0,7,10,16,6,42,41,41,45,53,20,16,17,20,28,39,37,40,46,43,32,52,55,59,60,60,62,64,65,68,48,65,52,60,0,64,0,59,0]} 1. c4 Nf6 2. Nc3 e6 {[%cal Be7e6,Be6d5][%mdl 32]} 3. e4 d5 4. cxd5 exd5 5. e5 Ne4 6. Nf3 Bf5 {A18: English Opening: Flohr-Mikenas System (1 c4 Nf6 2 Nc3 e6 3 e4)} 7. d3 Nxc3 8. bxc3 c5 9. d4 {LiveBook: 6 Games} c4 10. a4 $146 ({Predecessor:} 10. g3 Be7 11. Bg2 Bd3 12. Ng1 Qa5 13. Bd2 Nc6 14. Ne2 {½-½ (52) Carlsen,M (2843)-Aronian,L (2794) Karlsruhe/Baden-Baden 2018}) 10... Nc6 11. Be2 Be7 12. O-O O-O 13. Ne1 {[%cal Bf3e1,Be1c2,Bc2e3,Be3g4,Bg4e5][%mdl 32]} f6 14. exf6 Rxf6 15. Nc2 Be4 16. Ne3 Na5 17. Ba3 Bxa3 18. Rxa3 Qd6 19. Ra2 Raf8 20. Ng4 Re6 21. Ne5 Nc6 22. f3 {[%cal Bf2f3,Bf3f4,Bf4e5][%mdl 32]} Bg6 23. f4 Nxe5 24. fxe5 Rxf1+ 25. Qxf1 Qd8 26. Qf4 Rb6 27. h4 Qf8 28. Qe3 Qe7 29. Qf4 Qf8 30. Qe3 Qe7 31. Qf4 {Precision: White = 77%, Black = 67%.} (31. Qg3 $14) 1/2-1/2

[Event "BL 2017-18"]
[Site "Germany"]
[Date "2018.04.29"]
[Round "13"]
[White "Adams, Michael"]
[Black "Wagner, Dennis"]
[Result "1-0"]
[WhiteElo "2705"]
[BlackElo "2550"]
[Annotator "TA"]
[PlyCount "117"]
[EventDate "2018.05.24"]
[EventType "team-tourn"]
[EventCountry "GER"]
[SourceTitle "playchess.com"]
[Source "ChessBase"]
[SourceQuality "1"]
[WhiteTeam "Baden-Baden"]
[BlackTeam "Hockenheim"]

{[%evp 18,117,24,23,34,8,23,14,25,18,19,16,15,0,27,21,22,21,24,0,0,0,39,-16,-33,-40,0,-41,-58,-41,-27,-36,-4,-90,-96,-64,-30,-30,0,0,0,-7,0,-45,-42,-47,106,89,161,163,142,128,165,170,204,162,275,274,387,175,175,175,175,108,104,116,106,70,771,743,628,246,208,132,175,175,175,175,175,175,783,753,487,437,829,825,778,0,431,0,674,546,546,546,495,495,29975,29976,29975,29975,29969,5073]} 1. e4 e5 2. Nf3 Nc6 3. Bb5 a6 4. Ba4 Nf6 5. d3 b5 6. Bb3 Bc5 7. c3 d6 8. Bg5 {[%cal Bc1g5,Bg5h4,Bh4g3][%mdl 32] C77: Ruy Lopez: 3...a6 4 Ba4 Nf6, unusual lines} h6 9. Bh4 g5 10. Bg3 {LiveBook: 5 Games. White has an edge.} Ba7 11. a3 $146 ({Predecessor:} 11. Nbd2 Na5 12. Bc2 Nh5 13. a4 b4 14. cxb4 Nc6 15. b5 Nb4 {1-0 (53) Anand,V (2767)-Matlakov,M (2718) Wijk aan Zee 2018}) 11... Ne7 12. Nbd2 Ng6 13. Nf1 Nf4 14. Bxf4 gxf4 15. g3 fxg3 16. hxg3 Ng4 17. d4 Qf6 18. Bd5 Rb8 19. Qe2 Bd7 {[%cal Re5d4]} 20. Rh4 (20. Ne3 $14) 20... h5 $11 ({Of course not} 20... exd4 21. cxd4 Kf8 22. Rc1 $16) 21. Rd1 a5 22. b4 axb4 23. axb4 Bb6 24. N1h2 c6 25. Bb3 {[#]} (25. Nxg4 $11 hxg4 26. dxe5 dxe5 27. Rxh8+ (27. Bxf7+ $2 Ke7 $19) 27... Qxh8 28. Bxf7+ Kxf7 29. Rxd7+ Ke8 30. Nxe5 Qxe5 31. Qxg4 Qxc3+ 32. Kf1) 25... Ra8 $1 $17 26. Kf1 Ra7 27. Kg2 Qg7 28. Nxg4 Bxg4 29. dxe5 dxe5 30. Rd6 Rh6 31. Qd2 Bxf3+ $2 (31... Rf6 $15 {stays ahead.} 32. Rxf6 Qxf6) 32. Kxf3 $16 Rf6+ (32... Rg6 $16) 33. Rxf6 $18 Qxf6+ 34. Kg2 Ra3 35. Bd1 Qd8 36. Qc2 Qf6 (36... Ra1 $142 37. Bxh5 Qd6 38. Bxf7+ Kd8) 37. Rxh5 Rxc3 (37... Ra7 $142 38. Bg4 Ke7) 38. Qxc3 (38. Qb2 $142 {aiming for Rf5.} Bd4 39. Qa2) 38... Qxf2+ 39. Kh3 Qf1+ {[#]} 40. Kh4 (40. Kg4 $1 $18 Qxd1+ 41. Qf3 Qd7+ 42. Rf5) 40... Bd8+ $16 41. Kg4 Qxd1+ 42. Qf3 Qxf3+ $4 {[%mdl 8192]} (42... Qd7+ $14 43. Rf5 (43. Qf5 Qd1+ 44. Qf3 Qd7+ 45. Rf5 Be7 $14) 43... Be7) 43. Kxf3 $14 {[%mdl 4096] Endgame KR-KB} Be7 44. Rh6 $2 (44. Rxe5 Kd7 45. Rf5) 44... Kd7 $18 45. Ke2 Bd8 46. Rh1 Be7 47. Rb1 Ke6 48. Kf3 Bd6 $2 (48... Kf6 49. Rc1 Bxb4 50. Rxc6+ Kg5) 49. Kg4 Be7 50. Rb2 Bd6 (50... Kf6 $142 51. Rc2 Kg6) 51. Rc2 Kd7 52. Rb2 Ke6 53. Rc2 (53. Kg5 $142 Be7+ 54. Kg4) 53... Kd7 $1 54. Kf5 Bxb4 55. Kf6 Be1 56. g4 {[%cal Bg3g4,Bg4g5][%mdl 32]} Kd6 (56... Ke8 $18 57. Rxc6 Ba5) 57. g5 {White mates.} Bh4 58. Rh2 Bg3 59. Rd2+ {Precision: White = 56%, Black = 21%.} 1-0